MARC

LEADER 00000nam0a2200000 4500
001 137306
005 20231031141021.0
035 |a (RuTPU)RU\TPU\book\148802 
090 |a 137306 
100 |a 20080507d1935 m y0rusy50 ca 
101 0 |a rus 
102 |a RU 
105 |a a z 000zy 
200 1 |a Ракетная техника  |f М. К. Тихонравов 
210 |a Москва  |c Главное авиациационное издательство  |d 1935 
215 |a 78 с.  |c ил. 
610 1 |a ракеты 
610 1 |a ракетная техника 
610 1 |a классификация 
610 1 |a топливо 
610 1 |a ракетные двигатели 
610 1 |a баки 
610 1 |a насосы 
610 1 |a камеры сгорания 
610 1 |a испытания 
610 1 |a взлет 
610 1 |a посадка 
610 1 |a конструкции 
610 1 |a применение 
675 |a 629.76  |v 3 
700 1 |a Тихонравов  |b М. К. 
801 1 |a RU  |b 63413507  |c 20080507  |g PSBO 
801 2 |a RU  |b 63413507  |c 20090217  |g PSBO 
942 |c BK